Kocúr Garfield sa vrátil. A je rovnako nudný ako predtým

Bibliographic Details
Main Author: Pongó, Ildikó (Author)
Format: Article
Language:Slovak
PhysicalDescription:Fotogr.
ISSN:1335-440X
Subjects:

MARC

LEADER 00000nab a2200000 a 4500
001 vtls008956185
003 SK-MaSNL
005 20260303070400.0
008 140512c20060816xo dr|p|||||||000 b|slo
015 |a SNBRB2007/03  |2 snkbucl 
038 |a SNKBUCL 
040 |a SNKBUCL  |b slo  |c SNKBUCL  |e AACR2 
041 |a slo 
044 |a xo  |c SK 
080 |a 791.43  |x (73)  |2 2001 
100 1 |a Pongó, Ildikó  |4 aut  |9 598908 
245 1 0 |a Kocúr Garfield sa vrátil. A je rovnako nudný ako predtým  |c Ildikó Pongó 
300 |b Fotogr. 
630 0 7 |a Garfield 2 (film)  |2 snkbucl  |9 1067736 
655 7 |a recenzie  |2 snkbucl  |9 21907 
773 0 |t Sme. Práca  |g Roč. 15, č. 189 (16.8.2006)  |x 1335-440X 
773 0 |t Kultúra  |g S. 21 
852 |a SNK  |b KIS3GCP 
958 |a RC 
999 |c 1755113  |d 1757043